| 000 | 00633pam a2200229 a 4500 | ||
|---|---|---|---|
| 001 | 2315989 | ||
| 005 | 20180131073217.0 | ||
| 008 | 820107s1982 ilua b 001 0 eng | ||
| 010 | _a 81024081 | ||
| 020 | _a0815118686 (pbk.) | ||
| 040 |
_aDLC _cDLC _dDLC |
||
| 041 | _aeng | ||
| 060 | _aW18 O94 | ||
| 080 | _a614..1 JAM | ||
| 082 | 0 | 0 |
_a614..1 JAM _219 |
| 100 | _a5 | ||
| 101 | _aSTO | ||
| 245 | 0 | 0 |
_aOutline of forensic dentistry / _ceditors, James A. Cottone, S. Miles Standish. |
| 504 | _aIncludes bibliographical references and index. | ||
| 906 |
_a7 _bcbc _corignew _d1 _eocip _f19 _gy-gencatlg |
||
| 942 |
_2ddc _cBK |
||
| 999 |
_c41381 _d41381 |
||